000 00459nam a22001697a 4500
003 OSt
005 20251010011806.0
008 251009b |||||||| |||| 00| 0 eng d
020 _a978-0-553-24766-4
040 _aDWCL-Main lib.
_cOC
082 _aFic. L236w 2009
100 _aL'AMOUR, LOUIS
245 _aWestward the tide/
_cL'AMOUR, LOUIS
260 _aNew York :
_bBantam Dell,
_c c2009.
300 _a275 pages ;
_c18 cm.
942 _2ddc
_cFIC.
_kFic.
_n0
999 _c4765
_d4765